| 000 | 00426cam a2200169ua 4500 | ||
|---|---|---|---|
| 020 | _c1.50 | ||
| 041 |
_aeng _h |
||
| 082 |
_a828.09 _bMUL/CR |
||
| 100 | _aMullik, B.R. | ||
| 245 |
_aCritical studies vol. IX Browne`s religio medici / _cB.R.Mullik. _hTextual Documents |
||
| 260 |
_aNew Delhi : _bS.Chand & Sons , _c1961. |
||
| 300 | _a27 ; . | ||
| 365 | _a1.50 | ||
| 504 | _a | ||
| 942 | _cBK | ||
| 999 |
_c12082 _d12082 |
||